Pharmaceutical practice / (Record no. 16754)
[ view plain ]
| 000 -LEADER | |
|---|---|
| fixed length control field | 01076nam a22003375a 4500 |
| 001 - CONTROL NUMBER | |
| control field | 015170024 |
| 003 - CONTROL NUMBER IDENTIFIER | |
| control field | OSt |
| 005 - DATE AND TIME OF LATEST TRANSACTION | |
| control field | 20150916150117.0 |
| 008 - FIXED-LENGTH DATA ELEMENTS--GENERAL INFORMATION | |
| fixed length control field | 081125r20091990stka frb 001 0 eng |
| 020 ## - INTERNATIONAL STANDARD BOOK NUMBER | |
| International Standard Book Number | 0443069069 |
| 020 ## - INTERNATIONAL STANDARD BOOK NUMBER | |
| International Standard Book Number | 9780443069093 |
| 035 ## - SYSTEM CONTROL NUMBER | |
| System control number | (DNLM)101490064 |
| 040 ## - CATALOGING SOURCE | |
| Original cataloging agency | EG-ScBUE |
| Language of cataloging | eng |
| Transcribing agency | EG-ScBUE |
| 082 04 - DEWEY DECIMAL CLASSIFICATION NUMBER | |
| Classification number | 615.4 |
| Item number | PHA |
| Edition number | 22 |
| 245 00 - TITLE STATEMENT | |
| Title | Pharmaceutical practice / |
| Statement of responsibility, etc | edited by A. J. Winfield, J. A. Rees, I. Smith. |
| 250 ## - EDITION STATEMENT | |
| Edition statement | 4th ed. |
| 260 ## - PUBLICATION, DISTRIBUTION, ETC. (IMPRINT) | |
| Place of publication, distribution, etc | Edinburgh : |
| Name of publisher, distributor, etc | Elsevier/Churchill Livingstone, |
| Date of publication, distribution, etc | 2009. |
| 300 ## - PHYSICAL DESCRIPTION | |
| Extent | xix, 643 p. : |
| Other physical details | ill. ; |
| Dimensions | 25 cm. |
| 500 ## - GENERAL NOTE | |
| General note | Includes appendixes. |
| Institution to which field applies | Index : p. 613-643. |
| 504 ## - BIBLIOGRAPHY, ETC. NOTE | |
| Bibliography, etc | Includes bibliographical references. |
| 541 ## - IMMEDIATE SOURCE OF ACQUISITION NOTE | |
| Source of acquisition | Donation From Baccah |
| 650 #0 - SUBJECT ADDED ENTRY--TOPICAL TERM | |
| Topical term or geographic name as entry element | Pharmacy. |
| 9 (RLIN) | 30045 |
| Source of heading or term | BUEsh |
| 650 #0 - SUBJECT ADDED ENTRY--TOPICAL TERM | |
| Topical term or geographic name as entry element | Drug Compounding. |
| 9 (RLIN) | 30046 |
| Source of heading or term | BUEsh |
| 650 ## - SUBJECT ADDED ENTRY--TOPICAL TERM | |
| Topical term or geographic name as entry element | Dosage Forms. |
| 9 (RLIN) | 30047 |
| Source of heading or term | BUEsh |
| 650 ## - SUBJECT ADDED ENTRY--TOPICAL TERM | |
| Topical term or geographic name as entry element | Pharmacy. |
| 9 (RLIN) | 30048 |
| Source of heading or term | BUEsh |
| 651 ## - SUBJECT ADDED ENTRY--GEOGRAPHIC NAME | |
| Source of heading or term | BUEsh |
| 653 ## - INDEX TERM--UNCONTROLLED | |
| Arrived date list | June2012 |
| -- | December2013 |
| 700 1# - ADDED ENTRY--PERSONAL NAME | |
| Personal name | Rees, Judith A. |
| 9 (RLIN) | 30050 |
| Relator term | editor. |
| 700 1# - ADDED ENTRY--PERSONAL NAME | |
| Personal name | Smith, Ian, |
| Dates associated with a name | 1959 Nov. 24- |
| 9 (RLIN) | 30051 |
| Relator term | editor. |
| 942 ## - ADDED ENTRY ELEMENTS (KOHA) | |
| Source of classification or shelving scheme | Dewey Decimal Classification |
| Item type | Book - Borrowing |
| Withdrawn status | Item status | Source of classification or shelving scheme | Damaged status | Not for loan | Vendor | Home library | Current library | Shelving location | Date acquired | Source of acquisition | Cost, normal purchase price | Serial Enumeration / chronology | Total Checkouts | Total Renewals | Full call number | Barcode | Date last seen | Date last borrowed | Cost, replacement price | Koha item type |
|---|---|---|---|---|---|---|---|---|---|---|---|---|---|---|---|---|---|---|---|---|
| Dewey Decimal Classification | Donation-Gift | Central Library | Central Library | First floor | 06/06/2012 | Purchase | 220.00 | 15252 | 6 | 23 | 615.4 PHA | 000026799 | 15/07/2025 | 25/11/2014 | 275.00 | Book - Borrowing | ||||
| Dewey Decimal Classification | Donation-Gift | Central Library | Central Library | First floor | 06/06/2012 | Purchase | 220.00 | 15252 | 3 | 1 | 615.4 PHA | 000026800 | 15/07/2025 | 26/11/2014 | 275.00 | Book - Borrowing | ||||
| Dewey Decimal Classification | Baccah | Central Library | Central Library | First floor | 25/09/2012 | Purchase | 220.00 | 3 | 615.4 PHA | 000027350 | 15/07/2025 | 275.00 | NB - Book (Non borrowing) | |||||||
| Dewey Decimal Classification | Baccah | Central Library | Central Library | First floor | 25/09/2012 | Purchase | 220.00 | 3 | 3 | 4 | 615.4 PHA | 000027351 | 15/07/2025 | 25/02/2016 | 275.00 | Book - Borrowing | ||||
| Dewey Decimal Classification | Baccah | Central Library | Central Library | First floor | 25/09/2012 | Purchase | 220.00 | 3 | 2 | 31 | 615.4 PHA | 000027352 | 15/07/2025 | 26/11/2014 | 275.00 | Book - Borrowing | ||||
| Dewey Decimal Classification | Baccah | Central Library | Central Library | First floor | 25/09/2012 | Purchase | 220.00 | 3 | 5 | 48 | 615.4 PHA | 000027353 | 15/07/2025 | 30/11/2014 | 275.00 | Book - Borrowing | ||||
| Dewey Decimal Classification | Baccah | Central Library | Central Library | First floor | 25/09/2012 | Purchase | 220.00 | 3 | 4 | 15 | 615.4 PHA | 000027354 | 15/07/2025 | 16/11/2014 | 275.00 | Book - Borrowing | ||||
| Dewey Decimal Classification | Baccah | Central Library | Central Library | First floor | 25/09/2012 | Purchase | 220.00 | 3 | 3 | 15 | 615.4 PHA | 000027355 | 15/07/2025 | 22/01/2015 | 275.00 | Book - Borrowing | ||||
| Dewey Decimal Classification | Baccah | Central Library | Central Library | First floor | 25/09/2012 | Purchase | 220.00 | 3 | 3 | 11 | 615.4 PHA | 000027356 | 15/07/2025 | 26/11/2014 | 275.00 | Book - Borrowing | ||||
| Dewey Decimal Classification | Baccah | Central Library | Central Library | First floor | 04/12/2013 | Purchase | 1 | 615.4 PHA | 000029682 | 15/07/2025 | 26/11/2014 | Book - Borrowing |